000
00248nam a2200097Ia 4500
001
995446
005
20250826221447.0
008
250824s9999 xx 000 0 und d
245
0
_a
BEN KAZANMADAN BİTMEZ
_c
BİRCAN YILDIRIM
260
_b
DESTEK YAYINLARI
999
_c
995446
_d
995446